00410pab a2200133 454500008004000000100002100040245008200061260000900143300001400152362001200166650004700178650002500225773002600250180718b2015 xxu||||| |||| 00| 0 eng d aMoitra, Tanusree aFamilial and personality correlates of juvenile delinquency in Kolkata, India c2015 ap.97-115. aOct-Dec aJuvenile delinquency - India - West bengal aJuvenile delinquency aIndian Police Journal